Países que acaban por la letra I - Estadísticas

Estadísticas generales
  • Esta prueba ha sido intentada 44 veces
    24 desde el último reinicio
  • La puntuación promedio es 7 de 9
Estadísticas de respuestas
Respuesta % Correcto
Kiribati
100%
Malaui
89%
Malí
89%
Yibuti
83%
Brunéi
78%
Burundi
78%
Esuatini
78%
Fiyi
72%
Haití
56%
No se encontraron pruebas coincidentes
Distribución de puntuación
Porcentaje de gente con cada puntuación
Porcentaje por número respondido
Historial de tus puntuaciones
No has intentado esta prueba desde el último reinicio